Preklad odborného textu z oblasti práva

Bibliographic Details
Main Author: Tomášiková, Slavomíra, 1970- (Author)
Format: Software eBook
Language:Slovak
German
PhysicalDescription:1 CD-ROM 12 cm
Published: Prešov Prešovská univerzita v Prešove 2018
ISBN:9788055521275
Edition:Vydanie: prvé
Subjects:
Online Access:http://www.pulib.sk/web/kniznica/elpub/dokument/Tomasikova3

MARC

LEADER 00000nam a2200000 4500
001 vtls012014458
003 SK-MaSNL
005 20260301054503.0
007 co bg muuua
008 210215s2018 xo | fqnp 000 0 slo
015 |a SNBS2021 
020 |a 9788055521275  |q (elektronická kniha) 
040 |a SNK  |b slo  |c SNK  |e rda 
041 0 |a slo  |a ger 
044 |a xo  |c SK 
072 7 |a 811.112.2  |x Nemčina  |2 konspekt 
072 7 |a 81  |x Lingvistika. Jazyky  |2 konspekt 
080 |a 811.112.2  |2 2011 
080 |a 81'25'373.46  |2 2011 
080 |a 81'25  |2 2011 
080 |a 811.112.2'25  |2 2011 
080 |a 34  |2 2011 
080 |a (075.8)  |2 2011 
080 |a (0.034.44)  |2 2011 
100 1 |a Tomášiková, Slavomíra,  |d 1970-  |4 aut  |9 366597 
245 1 0 |a Preklad odborného textu z oblasti práva  |c Slavomíra Tomášiková 
250 |a Vydanie: prvé 
264 1 |a Prešov  |b Prešovská univerzita v Prešove  |c 2018 
300 |a 1 CD-ROM  |c 12 cm 
336 |a text  |b txt  |2 rdacontent 
337 |a počítač  |b c  |2 rdamedia 
338 |a počítačový disk  |b cd  |2 rdacarrier 
347 |a textový súbor  |b PDF  |2 rda 
347 |a textový súbor  |b html  |2 rda 
500 |a Nad názvom: Prešovská univerzita v Prešove Filozofická fakulta. Inštitút germanistiky 
504 |a Obsahuje bibliografické odkazy 
546 |a Text čiastočne aj nemecky 
650 0 7 |a nemčina  |2 SNKPH  |9 1384 
650 0 7 |a odborný preklad  |2 SNKPH  |9 73828 
650 0 7 |a prekladateľstvo  |2 SNKPH  |9 3499 
650 0 7 |a preklady z nemčiny  |2 SNKPH  |9 74729 
650 0 7 |a preklady do nemčiny  |2 SNKPH  |9 70335 
650 0 7 |a právo  |2 SNKPH  |9 976 
650 0 7 |a German language  |2 SNKPHeng  |9 278149 
650 0 7 |a Professional translation  |2 SNKPHeng  |9 323925 
650 0 7 |a Translating  |2 SNKPHeng  |9 266002 
650 0 7 |a Translations from German  |2 SNKPHeng  |9 366598 
650 0 7 |a Translations into German  |2 SNKPHeng  |9 354221 
650 0 7 |a Law  |2 SNKPHeng  |9 265417 
655 7 |a CD-ROM  |2 SNKPH  |9 70236 
655 7 |a učebnice vysokých škôl  |2 SNKPH  |9 70191 
655 7 |a Textbooks (higher)  |2 SNKPHeng  |9 276436 
710 2 |a Prešovská univerzita v Prešove.  |b Filozofická fakulta.  |b Inštitút germanistiky  |4 pbl  |9 178118 
856 4 1 |u http://www.pulib.sk/web/kniznica/elpub/dokument/Tomasikova3 
919 |a 978-80-555-2127-5 
958 |a NB 
999 |c 611021  |d 612951 
952 |a SNK  |b SNK  |y PREZ  |7 0  |p 17A1449594  |o snkSCDM 11462  |i snk2021/712  |8 0  |0 0  |1 0  |4 0  |d 2021-02-15  |l 0  |r 2026-02-23 16:22:55  |w 2026-02-23